| 000 | 01158nam a2200289 a 4500 | ||
|---|---|---|---|
| 001 | 000028671 | ||
| 003 | DO-SdBNP | ||
| 005 | 20251212084527.0 | ||
| 008 | 110411s1981 dr 000 0 spa d | ||
| 040 |
_aDO-SdBNP _bspa _cBNPHU |
||
| 082 | 4 |
_a336.20131724 _bI29c _222 |
|
| 100 | 1 |
_aIllanes, Luis _955644 |
|
| 245 | 1 | 3 |
_aEl control de los impuestos en los países en desarrollo de América / _cLuis Illanes, Leonel Díaz Mc Arthur. |
| 260 |
_aSanto Domingo : _bINCAT, _c1981. |
||
| 300 |
_a3 v. ; _c22 cm. |
||
| 490 | 1 |
_aManuales de finanzas públicas _v11-13 |
|
| 500 | _aMaterial de apoyo para los programas desarrollados por el Instituto de Capacitación Triburaria. | ||
| 590 | _aInventariado, 2018/LP | ||
| 650 | 4 |
_aImpuestos _xContabilidad _955645 |
|
| 650 | 0 |
_aImpuestos _zPaíses en Desarrollo _98380 |
|
| 650 | 4 |
_aImpuestos _xAdministración _916071 |
|
| 700 | 1 |
_aDíaz Mc Arthur, Leonel _955647 |
|
| 710 | 2 |
_aRepública Dominicana. _bSecretaría de Estado de Finanzas. Instituto de Capacitación Tributaria. _99333 |
|
| 830 | 0 |
_aManuales de finanzas públicas ; _v11-13 _98383 |
|
| 910 | _aValidado. Control de calidad EMS | ||
| 942 |
_2ddc _cLBS1 |
||
| 999 |
_c28163 _d28163 |
||